|
|
|
|
| LEADER |
01182nam a2200289 a 4500 |
| 001 |
GR-Patra24344 |
| 008 |
060214s2006 gr e b 001 b eng d |
| 020 |
|
|
|a 0323031862
|
| 020 |
|
|
|a 9780323031868
|
| 040 |
|
|
|a GR-PaULI
|c GR-PaULI
|
| 082 |
|
0 |
|a 618.92097575
|2 21
|
| 245 |
0 |
0 |
|a Hand function in the child :
|b foundations for remediation /
|c edited by Anne Henderson, Charlane Pehoski.
|
| 250 |
|
|
|a 2nd ed.
|
| 260 |
|
|
|a St. Louis, Mo. :
|b Mosby/Elsevier,
|c c2006
|
| 300 |
|
|
|a xii, 480 σ. :
|b εικ.
|
| 504 |
|
|
|a Περιλαμβάνει βιβλιογραφικές παραπομπές.
|
| 610 |
2 |
4 |
|a Παράρτημα Αιγίου. Τμήμα Φυσικοθεραπείας
|
| 650 |
|
0 |
|a Hand
|x Movements
|
| 650 |
|
0 |
|a Motor ability in children
|
| 650 |
|
0 |
|a Movement disorders in children
|
| 650 |
|
0 |
|a Occupational therapy for children
|
| 700 |
1 |
|
|a Henderson, Anne,
|d 1924-
|
| 700 |
1 |
|
|a Pehoski, Charlane
|
| 710 |
0 |
|
|a Mosby
|
| 942 |
|
|
|2 ddc
|c BK
|
| 952 |
|
|
|0 0
|1 0
|2 ddc
|4 0
|6 618_920975750000000_HAN
|7 1
|9 305031
|a LISK
|b LISK
|c BSC
|d 2021-01-17
|e 24
|f 0
|g 0.00
|l 0
|o 618.92097575 HAN
|p 92410035978
|r 2021-01-17 00:00:00
|t 1
|w 2021-01-17
|y BKN
|x 20080215 0 0
|x GrPaTEI
|
| 999 |
|
|
|c 176631
|d 176631
|